Ireland : Detailed Assessment of Observance of IOSCO Objectives and Principles of Securities Regulation.

This Detailed Assessment of Observance assessment of Ireland was carried out using the 2011 International Organization of Securities Commissions (IOSCO) Methodology for Assessing Implementation of the IOSCO Principles. The legal framework is robust and provides the Central Bank of Ireland with broad...

Ամբողջական նկարագրություն

Մատենագիտական մանրամասներ
Համատեղ հեղինակ: International Monetary Fund. Monetary and Capital Markets Department
Ձևաչափ: Ամսագիր
Լեզու:English
Հրապարակվել է: Washington, D.C. : International Monetary Fund, 2014.
Շարք:IMF Staff Country Reports; Country Report ; No. 2014/136
Առցանց հասանելիություն:Full text available on IMF
LEADER 02302cas a2200241 a 4500
001 AALejournalIMF014413
008 230101c9999 xx r poo 0 0eng d
020 |c 5.00 USD 
020 |z 9781498311854 
022 |a 1934-7685 
040 |a BD-DhAAL  |c BD-DhAAL 
110 2 |a International Monetary Fund.  |b Monetary and Capital Markets Department. 
245 1 0 |a Ireland :   |b Detailed Assessment of Observance of IOSCO Objectives and Principles of Securities Regulation. 
264 1 |a Washington, D.C. :  |b International Monetary Fund,  |c 2014. 
300 |a 1 online resource (201 pages) 
490 1 |a IMF Staff Country Reports 
500 |a <strong>Off-Campus Access:</strong> No User ID or Password Required 
500 |a <strong>On-Campus Access:</strong> No User ID or Password Required 
506 |a Electronic access restricted to authorized BRAC University faculty, staff and students 
520 3 |a This Detailed Assessment of Observance assessment of Ireland was carried out using the 2011 International Organization of Securities Commissions (IOSCO) Methodology for Assessing Implementation of the IOSCO Principles. The legal framework is robust and provides the Central Bank of Ireland with broad supervisory, investigative and enforcement powers. There are arrangements for on-site and off-site monitoring of regulated entities. Thematic reviews in selected areas have complemented such monitoring. The Central Bank and the Irish Stock Exchange have also developed sound systems for market surveillance. Certain aspects of the legal provisions regarding the governance structure of the Central Bank of Ireland raise concerns about its independence, although there were no indications of any interference with day-to-day operations. The regime that applies to entities that have issued their securities to the public where their securities are not admitted to trading on a regulated market needs to be strengthened. The Central Bank of Ireland lacks the power to appoint administrators to investments firms in the event of financial difficulties within the firm. 
538 |a Mode of access: Internet 
830 0 |a IMF Staff Country Reports; Country Report ;  |v No. 2014/136 
856 4 0 |z Full text available on IMF  |u http://elibrary.imf.org/view/journals/002/2014/136/002.2014.issue-136-en.xml  |z IMF e-Library